Critical approaches to security : (Record no. 15087)

000 -LEADER
fixed length control field 01869nam a2200241 a 4500
001 - CONTROL NUMBER
control field ASIN0415680166
005 - DATE AND TIME OF LATEST TRANSACTION
control field 20170105102910.0
008 - FIXED-LENGTH DATA ELEMENTS--GENERAL INFORMATION
fixed length control field 131025s2013 xxu eng d
020 ## - INTERNATIONAL STANDARD BOOK NUMBER
International Standard Book Number 0415680166 (paperback)
Terms of availability $44.95
020 ## - INTERNATIONAL STANDARD BOOK NUMBER
International Standard Book Number 9780415680165 (paperback)
040 ## - CATALOGING SOURCE
Original cataloging agency 0
050 04 - LIBRARY OF CONGRESS CALL NUMBER
Classification number JZ5588
082 04 - DEWEY DECIMAL CLASSIFICATION NUMBER
Classification number 355.0335
245 10 - TITLE STATEMENT
Title Critical approaches to security :
Remainder of title an introduction to theories and methods /
Statement of responsibility, etc. Laura J. Shepherd.
260 ## - PUBLICATION, DISTRIBUTION, ETC.
Place of publication, distribution, etc. [S.l.] :
Name of publisher, distributor, etc. Routledge,
Date of publication, distribution, etc. 2013.
300 ## - PHYSICAL DESCRIPTION
Extent 304 p. ;
Dimensions 25 cm.
520 ## - SUMMARY, ETC.
Summary, etc. Focusing on critical approaches to security, this new textbook offers readers both an overview of the key theoretical perspectives and a variety of methodological techniques.  With a careful explication of core concepts in each chapter and an introduction that traces the development of critical approaches to security, this textbook will encourage all those who engage with it to develop a curiosity about the study and practices of security politics. Challenging the assumptions of conventional theories and approaches, unsettling that which was previously taken for granted – these are among the ways in which such a curiosity works. Through its attention to the fact that, and the ways in which, security matters in global politics, this work will both pioneer new ways of studying security and acknowledge the noteworthy scholarship without which it could not have been thought. This textbook will be essential reading to advanced undergraduate and postgraduate students of critical security studies, and highly recommended to students of traditional security studies, International Relations and Politics.
650 #0 - SUBJECT ADDED ENTRY--TOPICAL TERM
Topical term or geographic name entry element National security
650 #0 - SUBJECT ADDED ENTRY--TOPICAL TERM
Topical term or geographic name entry element Security, International
700 1# - ADDED ENTRY--PERSONAL NAME
Personal name Shepherd, Laura J.
856 40 - ELECTRONIC LOCATION AND ACCESS
Materials specified Amazon.com
Uniform Resource Identifier <a href="http://www.amazon.com/exec/obidos/ASIN/0415680166/chopaconline-20">http://www.amazon.com/exec/obidos/ASIN/0415680166/chopaconline-20</a>
942 ## - ADDED ENTRY ELEMENTS (KOHA)
Source of classification or shelving scheme
Koha item type Book
Holdings
Withdrawn status Lost status Damaged status Not for loan Collection code Permanent Location Current Location Shelving location Date acquired Total Checkouts Full call number Barcode Date last seen Date last checked out Price effective from Koha item type
          Centre for International Peace & Stability (CIPS) Centre for International Peace & Stability (CIPS) General Stacks 10/01/2013 1 355.0335 CRI 2013 CIPS0001202 07/09/2025 05/30/2025 10/29/2013 Book
© 2023 Central Library, National University of Sciences and Technology. All Rights Reserved.